| 000 | 00478nam a2200181Ia 4500 | ||
|---|---|---|---|
| 001 | 8011 | ||
| 005 | 20260306160537.0 | ||
| 008 | 260306t2003||||xx |||||||||||||| ||spa|| | ||
| 041 | _aESP | ||
| 082 |
_a370.092 _bA48 |
||
| 100 |
_aAlvarado Oyarce, Otoniel _eAUT |
||
| 245 | 0 |
_aPor los caminos de la educación: _baportes a la sociología de la experiencia |
|
| 260 | _c2003 | ||
| 300 |
_a136 páginas : _c18 cm. |
||
| 650 | _aGEN | ||
| 654 | _aCED | ||
| 942 |
_cLIB _dJUS _fJUS _2ddc _n |
||
| 999 |
_c8011 _d8011 |
||